Angielski 1, A-B - Statystyki

Ogólne statystyki
  • Ten quiz został rozwiązany 24 razy
  • Średni wynik to 5 z 14
Statystyki odpowiedzi
Hint Odpowiedź % Poprawnych
podstawa, baza base
77%
wiać, dmuchać blow
77%
ręka, zbroić, uzbrajać arm
62%
deska, tablica, płyta board
54%
rezerwować book
54%
pomimo że, chociaż although
38%
dolna część czegoś, dół bottom
38%
ilość, wielkość, wynosić amount
31%
wzdłuż, naprzód along
23%
zbliżać się, podejście, metoda approach
23%
bez grosza, spłukany broke
23%
za, po drugiej stronie (czegoś) beyond
15%
gałąź, oddział, rozgałęzienie branch
15%
próbować, usiłować, próba attempt
8%
Nie znaleziono quizów pasujących do podanych kryteriów
Rozkład punktacji
Procent ludzi z każdym wynikiem
Percentyl według liczby udzielonych odpowiedzi
Twoja historia wyników
Nie rozwiązałeś tego quizu